000 00719nam a2200229Ia 4500
001 17409
003 GE_BSU
008 181216s||||||||xx |||||||||||||| ||und||
040 _cGE_BSU
080 _a82-93:821.353.1-32
100 _aკლდიაშვილი,სერგო
245 _aზურია
245 _bმოთხრობები
245 _cპ/მ რედ.:ნ.კალანდარიშვილი; მხატვ.:გ.გულისაშვილი
260 _aთბილისი
260 _bსაბლიტგამი
260 _c1954
300 _a106 გვ.; 21 სმ.
300 _eილ.
653 _aმოთხრობები
942 _cBK
999 _c50463
_d50463